| 000 | 00890nam a22002775i 4500 | ||
|---|---|---|---|
| 001 | 18126062 | ||
| 005 | 20150114153053.0 | ||
| 008 | 140423t2015 xxuao fr 001 0 eng d | ||
| 010 | _a2014939190 | ||
| 020 | _a9781305109919 (softcover : alk. paper) | ||
| 020 | _a1305109910 | ||
| 040 |
_aDLC _beng _cDLC _dEG-ScBUE |
||
| 082 | 0 | 0 |
_222 _a005.133 _bDAW |
| 100 | 1 |
_aDawson, Michael _936537 |
|
| 245 | 1 | 0 |
_a Beginning C++ through game programming / _cMichael Dawson. |
| 250 | _a4th ed. | ||
| 260 |
_aBoston, United States : _bCengage Learning PTR, _cc.2015. |
||
| 300 |
_axxi, 390 p. : _bphotographs, tables ; _c23 cm. |
||
| 490 | 0 | _aGame Development | |
| 500 | _aIndex : p. 375-390. | ||
| 650 | 0 |
_912480 _aComputer games _xProgramming |
|
| 650 | 0 |
_93406 _aC++ (Computer program language) |
|
| 653 |
_bCOMSCI _cJanuary2015 |
||
| 655 |
_vreading book _934232 |
||
| 942 |
_2ddc _k005.133 DAW |
||
| 999 |
_c18880 _d18852 |
||